000 00263nam a22001217a 4500
999 _c12915
_d12915
020 _a9789696622871
082 _a891.433
100 _aChander, Krishan
245 _aJab Khet Jaage
260 _aPakistan
_bBook Corner
_c2020
300 _a158 pages.
942 _cBK